000 00324nam a2200133Ia 4500
100 _aKrishanmurthy/E.V
942 _cBK
654 _aTheory Of Computer
245 _aIntroductory Theory Of Computer Science
260 _bAffiliated East-West Press
_aNew Delhi
_c1984
082 _a1.6
300 _a211
546 _aENGLISH
999 _c33460
_d33460